LEADER 03654nam 2200685Ia 450 001 9910454347003321 005 20200520144314.0 010 $a1-282-07345-1 010 $a9786612073458 010 $a3-11-021396-6 024 7 $a10.1515/9783110213966 035 $a(CKB)1000000000724625 035 $a(EBL)429326 035 $a(OCoLC)476276153 035 $a(SSID)ssj0000152250 035 $a(PQKBManifestationID)11147138 035 $a(PQKBTitleCode)TC0000152250 035 $a(PQKBWorkID)10322563 035 $a(PQKB)10914682 035 $a(MiAaPQ)EBC429326 035 $a(DE-B1597)35977 035 $a(OCoLC)646803420 035 $a(OCoLC)979689116 035 $a(DE-B1597)9783110213966 035 $a(Au-PeEL)EBL429326 035 $a(CaPaEBR)ebr10282650 035 $a(CaONFJC)MIL207345 035 $a(EXLCZ)991000000000724625 100 $a20090122d2009 uy 0 101 0 $aeng 135 $aur||||||||||| 181 $ctxt 182 $cc 183 $acr 200 00$aExplorations of phase theory$b[electronic resource] $efeatures and arguments /$fedited by Kleanthes K. Grohmann 210 $aBerlin ;$aNew York, NY $cMouton de Gruyter$dc2009 215 $a1 online resource (320 p.) 225 1 $aInterface explorations ;$v18 300 $aDescription based upon print version of record. 311 $a3-11-020520-3 320 $aIncludes bibliographical references and index. 327 $t Frontmatter -- $tContents -- $tExploring features and arguments -- $tRemarks on features -- $tFeature valuation by sideward movement -- $tOn Incrementality, overt agreement, theta-roles and Spec,Head relations in the phase-based framework -- $tStructural case, locality and cyclicity -- $tPRO, pro and NP-trace (raising) are interpretations -- $tMovement of arguments and negative feature -- $tInner aspect and phases -- $tHow to become passive -- $tErgativity, accusativity, and the order of Merge and Agree -- $t Backmatter 330 $aThis is the first volume dedicated to the study of formal features and the expression of arguments within Phase Theory, the latest model of syntactic theorizing within the Minimalist Program. The collection addresses the nature of formal features and their role in the syntactic computation as well as checking mechanisms and configurations. It also investigates theoretical issues underlying the nature of syntactic arguments and their licensing (argument structure at large) and specific grammatical operations involving arguments (abstract and morphological case, empty elements, passivization, negation, and aspect). The chapters presented in this volume provide case studies from several, typologically unrelated languages. Apart from novel analyses of new as well as well-known facts, the contributions also provide interesting aspects of and challenges for Phase Theory in general, by critically exploring a number of theoretical extensions, proposing new syntactic mechanisms, and sharpening our tools for linguistic analysis. 410 0$aInterface explorations ;$v18. 606 $aMinimalist theory (Linguistics) 606 $aGenerative grammar 606 $aGrammar, Comparative and general$xSyntax 608 $aElectronic books. 615 0$aMinimalist theory (Linguistics) 615 0$aGenerative grammar. 615 0$aGrammar, Comparative and general$xSyntax. 676 $a415/.0182 701 $aGrohmann$b Kleanthes K$0508357 801 0$bMiAaPQ 801 1$bMiAaPQ 801 2$bMiAaPQ 906 $aBOOK 912 $a9910454347003321 996 $aExplorations of phase theory$92463752 997 $aUNINA LEADER 02057nam 2200541I 450 001 9910702492003321 005 20130212091422.0 035 $a(CKB)5470000002427245 035 $a(OCoLC)827269471 035 $a(EXLCZ)995470000002427245 100 $a20130212d2012 ua 0 101 0 $aeng 135 $aurmn||||||||| 181 $ctxt$2rdacontent 182 $cc$2rdamedia 183 $acr$2rdacarrier 200 10$aPerformance evaluation of a high bandwidth liquid fuel modulation valve for active combustion control /$fJoseph R. Saus [and three others] 210 1$aCleveland, Ohio :$cNational Aeronautics and Space Administration, Glenn Research Center,$d2012. 215 $a1 online resource (20 pages) $cillustrations (some color) 225 1 $aNASA/TM ;$v2012-217618 300 $aTitle from title screen (viewed on Jan. 14, 2013). 300 $a"September 2012." 300 $a"Prepared for the 50th Aerospace Sciences Meeting sponsored by the American Institute of Aeronautics and Astronautics, Nashville, Tennessee, January 9-12, 2012." 300 $a"AIAA-2012-1274." 320 $aIncludes bibliographical references (pages 19-20). 606 $aCombustion control$2nasat 606 $aActive control$2nasat 606 $aFuel systems$2nasat 606 $aPerformance tests$2nasat 606 $aMagnetostriction$2nasat 606 $aBandwidth$2nasat 606 $aFuel injection$2nasat 615 7$aCombustion control. 615 7$aActive control. 615 7$aFuel systems. 615 7$aPerformance tests. 615 7$aMagnetostriction. 615 7$aBandwidth. 615 7$aFuel injection. 700 $aSaus$b Joseph R.$01411810 712 02$aNASA Glenn Research Center, 712 12$aAIAA Aerospace Sciences Meeting$d(50th :$f2012 :$eNashville, Tenn.) 801 0$bGPO 801 1$bGPO 906 $aBOOK 912 $a9910702492003321 996 $aPerformance evaluation of a high bandwidth liquid fuel modulation valve for active combustion control$93536409 997 $aUNINA